000 00607nam a2200229Ia 4500
003 OSt
005 20221005114319.0
006 a|||||r|||| 00| 0
007 ta
008 221004b |||||||| |||| 00| 0 ori d
024 _a54180
037 _cTextual
040 _aCRL
_cCRL
_bori
041 _2ori
_aori
082 _aO1591,1M88w,1, L3
100 _aMishra Au.
_9625772
245 0 _aardhashataboli ra Orissa o thhin re mo sthana
260 _c1973
650 _aORIYA LITERATURE
_927692
942 _hO1591,1M88w,1, L3
_cTEXL
_2cc
999 _c1030938
_d1030938